El mágico mundo de las hadas / (Registro nro. 29496)
[ vista simple ]
| 000 -CABECERA | |
|---|---|
| campo de control de longitud fija | 00318nam a22001217a 4500 |
| 008 - CÓDIGOS DE INFORMACIÓN DE LONGITUD FIJA | |
| fixed length control field | 220510b |||||||| |||| 00| 0 eng d |
| 020 ## - NÚMERO INTERNACIONAL NORMALIZADO PARA LIBROS | |
| ISBN | 997479305X |
| 040 ## - Fuente de catalogación | |
| Agencia original de catalogación | CO-JMCR |
| Agencia de modificación | CO-JMCR |
| 082 04 - NÚMERO DE LA CLASIFICACIÓN DECIMAL DEWEY | |
| Número de clasificación Decimal | LM / |
| Número de documento (Cutter) | BALm |
| 245 13 - TÍTULO PROPIAMENTE DICHO | |
| Título | El mágico mundo de las hadas / |
| Mención de responsabilidad, etc. | Adriana Ballesteros |
| Withdrawn status | Lost status | Source of classification or shelving scheme | Damaged status | Not for loan | Home library | Current library | Shelving location | Date acquired | Source of acquisition | Total Checkouts | Total Renewals | Full call number | Barcode | Date last seen | Date last checked out | Copy number | Price effective from | Koha item type |
|---|---|---|---|---|---|---|---|---|---|---|---|---|---|---|---|---|---|---|
| Dewey Decimal Classification | Biblioteca Pública José María del Castillo y Rada | Biblioteca Pública José María del Castillo y Rada | Children's Area | 04/28/2022 | Donación | 12 | 2 | LM / BALm | 201811578 | 09/08/2025 | 09/05/2025 | Ej.1 | 05/10/2022 | Books |